Datenkommunikation als Basis von CAQ

Bibliographic Details
Main Author: Oberländer, Rudolf (Author)
Format: Article
Language:German
PhysicalDescription:Lit. 2 zázn. v angl., nem.
Subjects:

MARC

LEADER 00000nab a2200000 a 4500
001 vtls000481402
003 SK-MaSNL
005 20260319073550.0
008 120927c1991 xo 0 ger
015 |a SNBRA19rr/mm-uuuuu 
035 |a CL0481537 
040 |a SNKBUCL  |b slo  |c SNKBUCL  |e AACR2 
041 0 |a ger 
044 |a xo  |c SK 
080 |a 658.562.011.56:681.3  |2 1981 
080 |a 681.3  |2 1981 
100 1 |a Oberländer, Rudolf  |4 aut  |9 1000313 
245 1 0 |a Datenkommunikation als Basis von CAQ  |c Rudolf Oberländer 
300 |b Lit. 2 zázn. v angl., nem. 
650 0 7 |a systémy CAQ  |2 snkbucl  |9 648545 
650 0 7 |a komunikácia dátová  |2 snkbucl  |9 998169 
655 7 |a články zo zborníkov  |2 snkbucl  |9 166140 
773 0 |t Flexible automation  |d Bratislava : Dom techniky ZSVTS, 1991  |g S. 185-186 
850 |a Slovenská národná knižnica v Martine  |a MTA001 
852 |a SNK  |b KIS3GCP 
958 |a RK 
992 |a RZB 
999 |c 1618407  |d 1620337